ბათუმის შოთა რუსთაველის სახელმწიფო უნივერსიტეტის ბიბლიოთეკა

The Developing Human : (ბიბ.ჩანაწერი № 53660)

000 -LEADER
fixed length control field 01190nam a2200313Ia 4500
001 - CONTROL NUMBER
control field 20707
003 - CONTROL NUMBER IDENTIFIER
control field GE_BSU
005 - DATE AND TIME OF LATEST TRANSACTION
control field 20221108171234.0
008 - FIXED-LENGTH DATA ELEMENTS--GENERAL INFORMATION
fixed length control field 181216s2016||||xx |||||||||||||| ||eng||
020 ## - INTERNATIONAL STANDARD BOOK NUMBER
International Standard Book Number 9780323313384x
040 ## - CATALOGING SOURCE
Transcribing agency GE_BSU
041 ## - LANGUAGE CODE
Language code of text/sound track or separate title eng
080 ## - UNIVERSAL DECIMAL CLASSIFICATION NUMBER
Universal Decimal Classification number 612.6 M-86
100 ## - MAIN ENTRY--PERSONAL NAME
Personal name Moore, Keith L.
9 (RLIN) 9461
245 #4 - TITLE STATEMENT
Title The Developing Human :
Remainder of title Clinically Oriented Embryology /
Statement of responsibility, etc. Keith L. Moore, T V N Persaud, Mark G. Torchia.
250 ## - EDITION STATEMENT
Edition statement 10th Revised edition
264 ## - PRODUCTION, PUBLICATION, DISTRIBUTION, MANUFACTURE, AND COPYRIGHT NOTICE
Place of production, publication, distribution, manufacture Philadelfia :
Name of producer, publisher, distributor, manufacturer Elsevier,
Date of production, publication, distribution, manufacture, or copyright notice 2016.
300 ## - PHYSICAL DESCRIPTION
Extent 524 p. :
Other physical details ill. ;
Dimensions 28 cm.
653 ## - INDEX TERM--UNCONTROLLED
keyword The Developing Human
653 ## - INDEX TERM--UNCONTROLLED
keyword Clinically Oriented Embryology
653 ## - INDEX TERM--UNCONTROLLED
keyword Развивающийся человек
653 ## - INDEX TERM--UNCONTROLLED
keyword клинически ориентированная эмбриология
653 ## - INDEX TERM--UNCONTROLLED
keyword განვითარებადი ადამიანი
653 ## - INDEX TERM--UNCONTROLLED
keyword კლინიკურად ორიენტირებული ემბრიოლოგია
653 ## - INDEX TERM--UNCONTROLLED
keyword მედიცინა
700 ## - ADDED ENTRY--PERSONAL NAME
Personal name Persaud, T V N.,
Relator term ავტორი
9 (RLIN) 10370
700 ## - ADDED ENTRY--PERSONAL NAME
Personal name Torchia, Mark G.
Relator term ავტორი
9 (RLIN) 10371
942 ## - ADDED ENTRY ELEMENTS (KOHA)
Koha item type წიგნი
Source of classification or shelving scheme
ეგზემპლარები
Withdrawn status Lost status Source of classification or shelving scheme Damaged status Not for loan Permanent Location Current Location Shelving location Date acquired Cost, normal purchase price Full call number Barcode Date last seen Copy number Price effective from Koha item type Public note
          ბათუმის შოთა რუსთაველის სახელმწიფო უნივერსიტეტის მთავარი ბიბლიოთეკა ბათუმის შოთა რუსთაველის სახელმწიფო უნივერსიტეტის მთავარი ბიბლიოთეკა წიგნსაცავი 2018-12-17 141.00 612.6 M-86 54015 2018-12-17 54015 2018-12-17 წიგნი 141.00 GEL.
          ბათუმის შოთა რუსთაველის სახელმწიფო უნივერსიტეტის მთავარი ბიბლიოთეკა ბათუმის შოთა რუსთაველის სახელმწიფო უნივერსიტეტის მთავარი ბიბლიოთეკა წიგნსაცავი 2018-12-17 141.00 612.6 M-86 54016 2018-12-17 54016 2018-12-17 წიგნი 141.00